01382nam a2200289 a 4500001001200000003000800012006001900020007001500039008004100054020001500095020001800110040002100128035002100149050003000170110005000200245026600250260005700516300003600573533015200609650003600761650004100797655002900838710001700867711006500884856012600949999001701075ebr10565363CaPaEBRm u cr cn|||||||||120614s2012 dcua s 100 0 eng d z0309252423 z9780309252423 aCaPaEBRcCaPaEBR a(OCoLC)79478842414aQH541.15.E267bN38 2012eb2 aNational Academies.bKeck Futures Initiative.10aEcosystem servicesh[electronic resource] :bcharting a path to sustainability : interdisciplinary research team summaries : Conference, Arnold and Mabel Beckman Center, Irvine, California, November 10-13, 2011 /cThe National Academies Keck Futures Initiative. aWashington, D.C. :bNational Academies Press,c2012. axiv, 121 p. :bill. (some col.) aElectronic reproduction.bPalo Alto, Calif. :cebrary,d2011.nAvailable via World Wide Web.nAccess may be limited to ebrary affiliated libraries. 0aEcosystem servicesvCongresses. 0aSustainable developmentvCongresses. 7aElectronic books.2local2 aebrary, Inc.2 aKeck Futures Initiative Conferenced(2011 :cIrvine, Calif.)40uhttp://site.ebrary.com/lib/rucke/Doc?id=10565363zAn electronic book accessible through the World Wide Web; click to view c94377d94377